000 00602nam a2200229Ia 4500
003 OSt
005 20220918181906.0
006 a|||||r|||| 00| 0
007 ta
008 220917b |||||||| |||| 00| 0 eng d
024 _a29,142
037 _cTextual
040 _aARTS
_cARTS
_beng
041 _2eng
_aeng
082 _aO111,2J64x, K9.1
100 _aShakespeare William
_9226
245 0 _aTragedies
260 _aN York
_bRandom House
_c1969
650 _aENGLISH LITERATURE
942 _hO111,2J64x, K9.1
_cTEXL
_2CC
999 _c167158
_d167158